Flare physics in solar activity maximum 22 (Record no. 10423)
[ view plain ]
| 000 -LEADER | |
|---|---|
| fixed length control field | 00867nam a2200229Ia 4500 |
| 003 - CONTROL NUMBER IDENTIFIER | |
| control field | IN-BaIIA |
| 008 - FIXED-LENGTH DATA ELEMENTS--GENERAL INFORMATION | |
| fixed length control field | 211028s9999 xx 000 0 eng d |
| 020 ## - INTERNATIONAL STANDARD BOOK NUMBER | |
| International Standard Book Number | 3-540-54383-X |
| 040 ## - CATALOGING SOURCE | |
| Transcribing agency | IIA Library |
| 080 ## - UNIVERSAL DECIMAL CLASSIFICATION NUMBER | |
| Universal Decimal Classification number | 523.98(082.2) |
| Item number | UCH |
| 111 ## - MAIN ENTRY--MEETING NAME | |
| Meeting name or jurisdiction name as entry element | International Solar-A Science meeting |
| Location of meeting | Japan |
| Date of meeting or treaty signing | 1990 Oct. 23-26 |
| 9 (RLIN) | 17728 |
| 245 #0 - TITLE STATEMENT | |
| Title | Flare physics in solar activity maximum 22 |
| Remainder of title | proceedings of the International Solar-A Science meeting held at Tokyo, Japan, 23-26 October 1990 |
| Statement of responsibility, etc. | edited by Yutaka Uchida |
| 260 ## - PUBLICATION, DISTRIBUTION, ETC. | |
| Place of publication, distribution, etc. | Berlin |
| Name of publisher, distributor, etc. | Springer-Verlag |
| Date of publication, distribution, etc. | 1991 |
| 300 ## - PHYSICAL DESCRIPTION | |
| Extent | x, 360p. |
| 490 ## - SERIES STATEMENT | |
| Series statement | Lecture notes in physics; vol. 387 |
| 650 ## - SUBJECT ADDED ENTRY--TOPICAL TERM | |
| Topical term or geographic name entry element | Astronomy and Astrophysics Thesaurus |
| 650 ## - SUBJECT ADDED ENTRY--TOPICAL TERM | |
| Topical term or geographic name entry element | Solar Activity |
| 9 (RLIN) | 1424 |
| 650 ## - SUBJECT ADDED ENTRY--TOPICAL TERM | |
| Topical term or geographic name entry element | Solar Flares |
| 9 (RLIN) | 4046 |
| 650 ## - SUBJECT ADDED ENTRY--TOPICAL TERM | |
| Topical term or geographic name entry element | Solar Prominences |
| 9 (RLIN) | 3374 |
| 700 ## - ADDED ENTRY--PERSONAL NAME | |
| Personal name | Uchida, Yutaka, ed. |
| 9 (RLIN) | 17729 |
| 942 ## - ADDED ENTRY ELEMENTS (KOHA) | |
| Koha item type | Books |
| Withdrawn status | Lost status | Damaged status | Not for loan | Home library | Current library | Shelving location | Date acquired | Cost, normal purchase price | Total Checkouts | Full call number | Barcode | Date last seen | Cost, replacement price | Price effective from | Koha item type | Purchase Price |
|---|---|---|---|---|---|---|---|---|---|---|---|---|---|---|---|---|
| IIA Library-Bangalore | IIA Library-Bangalore | General Stacks | 12/08/1992 | 1565.60 | 523.98(082.2)/ UCH | 11333 | 05/11/2021 | 1565.60 | 12/08/1992 | Books | Rs. 1565.60 |